Top 10 Countries - Mobile Data Usage - COPY - Statistics

General Stats
  • This quiz has been taken 26 times
  • The average score is 5 of 10
Answer Stats
rank'15 GB'15 Country rank'16 GB'16 % Correct
5 2.2 United States 7 >2
96%
6 2.1 Japan 7 >2
79%
4 2.5 South Korea 2 3.8
67%
7 2.0 Denmark 4 >3
50%
3 2.7 Sweden 4 >3
50%
1 5.0 Finland 1 7.2
46%
9 1.9 Iceland 7 >2
42%
8 2.0 Austria 4 >3
29%
10 1.8 Estonia 7 >2
29%
2 3.7 Latvia 2 >3.7
29%
No matching quizzes found
Score Distribution
Percent of People with Each Score
Percentile by Number Answered
Your Score History
You have not taken this quiz